Tree Rings and Natural Hazards : A State-of-Art /

Guardado en:
Detalles Bibliográficos
Autor principal: Markus Stoffel, Michelle Bollschweiler, David R. Butler, Brian H. Luckman (edición)
Formato: Libro
Idioma:Inglés
Publicado: Dordrecht, Holanda : Springer, 2010, c2010
Colección:(Advances in Global Change Research)
Acceso en línea:Ver documento en línea
Etiquetas: Agrega una etiqueta
Sin etiquetas, Sé el primero en etiquetar este registro!

MARC

LEADER 00000nam^a22000000a04500
001 000600175
009 20260512124030.21
020 |a 978-90-481-8736-2 
022 |a 2215-1621 
037 |a Acervo ITESO - Biblioteca 
041 |a ING 
082 |a Libro en línea 
100 |a Markus Stoffel, Michelle Bollschweiler, David R. Butler, Brian H. Luckman  |e (edición) 
245 |a Tree Rings and Natural Hazards :  |b A State-of-Art / 
264 4 |a Dordrecht, Holanda :  |b Springer,  |c 2010, c2010 
264 2 |a Cham, Suiza :  |b Springer Link [distribución],  |c 2025 
300 |a 1 libro electrónico en línea (XV, 505 p.) 
300 |a 1 recurso en línea 
336 |a datos para computadora  |b cod  |2 rdacontenido 
337 |a computadora  |b c  |2 rdamedio 
338 |a recurso en línea  |b cr  |2 rdasoporte 
440 |a (Advances in Global Change Research) 
506 0 |a Licencias ilimitadas 
567 |a Catalogación rápida 
649 |a XX 
856 4 0 |u https://link-springer-com.ezproxy.iteso.mx/10.1007/978-90-481-8736-2  |y Ver documento en línea 
910 |a Fondo General 
920 |a Electrónicos - Libros en Línea 
930 |a Plataforma Digital 
905 |a 205 
902 |a https://opac.biblio.iteso.mx/vufind/Record/000600175